000 01051cai a22001935a 4500
001 E147898
008 090630u xxk g 000 0 eng d
035 _a(Sirsi) u147898
041 0 _aeng
110 2 _aUnited Kingdom
_bHM Government
_95056
245 0 0 _aBuilding Britain's future
_h[electronic resource]
520 _aPart of the Government's website devoted to the "Building Britain's Future" initiative, which aims to encourage the general public to get involved in policy-making by commenting on draft legislation relating to 12 priority areas. These areas are: cleaning up politics; jobs and skills; a new economy; more power for patients; more power for parents; investing in young people; early years; affordable housing; crime and policing; immigration and citizenship; a low carbon future; international leadership.
590 _aKA NTK
651 4 _aUnited Kingdom
_y1973-
690 _aMANAGEMENT
690 _aPROPERTY
856 4 0 _uhttps://www.hmg.gov.uk/buildingbritainsfuture.aspx
_zView the website at www.hmg.gov.uk
942 _n0
999 _c120807
_d120807